LEADER 01121nam a2200265 u 4500 001 000000018466 003 CaOOAMICUS 005 20070226110658.0 008 941222s1975 sp b u000 u spa u 035 $a10435158 040 $aPUL(R)$bita 100 1 $aLinehan, Peter.$0(OLS)http://pul/name/14833 245 13$aLa iglesia espaņola y el papado en el s. XIII /$cPeter Linehan. 260 $aSalamanca :$bUniversidad Pontificia,$c1975. 300 $alvi, 319 p., [1] c. di tav. :$bc. geogr. ;$c25 cm 490 1 $aBibliotheca Salmanticensis, V. Estudios ;$v4 500 $aNote bibliografiche a pič di pagina. 504 $aBibliografia in nota. 830 0$aBibliotheca salmanticensis.$pEstudios ;$v4.$0(OLS)http://pul/title/4111 850 $aPUL 852 $aPUL$W1$xSL Filosofia 1$y2$m123(1) A 12$j26014$nBK-PRI$b $qStampati$B26014$CPULBib$Z2$F26014 $H $81 941 1 $a8 961 $aINV: 51362 996 $6245$aLa iglesia espaņola y el papado en el s. XIII$9(OLS)http://pul/title/26309 996 $6260$aSalamanca :$bUniversidad Pontificia$9(OLS)http://pul/publisher/53190 LEADER 01557nam a2200373 a 4500 001 000000138994 003 CaOOAMICUS 005 20140626091841.0 008 140626s1983 it u000 u ita r 020 $a88-211-8609-1 040 $aPUL$bita 041 1 $aita$heng 100 1 $aDummett, Michael.$0(OLS)http://pul/name/53100 240 10$aFrege. Philosophy of language.$lItaliano.$0(OLS)http://pul/title/175971 245 10$aFilosofia del linguaggio :$bsaggio su Frege /$cMichael Dummett ; edizione italiana a cura di Carlo Penco. 260 $aGenova :$bMarietti,$c1983. 300 $aXLII, 346 p. ;$c21 cm 490 1 $aCollana di filosofia ;$v06 500 $aInclude indice. 504 $aBibliografia in nota. 600 14$aFrege, Gottlob,$d1848-1925.$0(OLS)http://pul/subject/23119 650 4$aFilosofia del linguaggio.$0(OLS)http://pul/subject/8316 700 1 $aPenco, Carlo.$0(OLS)http://pul/name/26559 830 0$aCollana di filosofia (Marietti) ;$v06.$0(OLS)http://pul/title/8088 850 $aPUL 852 $aPUL$W1$xDP1 Filosofia 1$y19$m590 I 14$j160472$qStampati$B159913$CPULBib$Z2$F159913 $H51987 $82 941 1 $a8 960 $aLinguaggio$xFilosofia$98316 960 $aLinguaggio e filosofia$98316 960 $aLinguaggio e pensiero$98316 996 $6020$a88-211-8609-1$9(OLS)http://pul/number/155619 996 $6245$aFilosofia del linguaggio :$bsaggio su Frege$9(OLS)http://pul/title/175972 996 $6260$aGenova :$bMarietti$9(OLS)http://pul/publisher/48994